City culture and urban chanceries in an era of change : (Record no. 612488)

MARC details
000 -LEADER
fixed length control field 00544nam a2200193 a 4500
008 - FIXED-LENGTH DATA ELEMENTS--GENERAL INFORMATION
fixed length control field 260214s2004##################000#0#eng##
020 ## - INTERNATIONAL STANDARD BOOK NUMBER
ISBN 9783631397213
082 04 - DEWEY DECIMAL CLASSIFICATION NUMBER
Classification number 307.76094
Item number SUN
100 1# - MAIN ENTRY--AUTHOR NAME
Personal name Suntrup, Rudolf,
245 10 - TITLE STATEMENT
Title City culture and urban chanceries in an era of change :
260 ## - PUBLICATION, DISTRIBUTION, ETC. (IMPRINT)
Name of publisher Peter Lang Pub Incorporated,
Year of publication 2004.
300 ## - PHYSICAL DESCRIPTION
Number of Pages 199 pages
650 #0 - SUBJECT ADDED ENTRY--TOPICAL TERM
Topical Term Social Science.
942 ## - ADDED ENTRY ELEMENTS (KOHA)
Koha item type English Books
Holdings
Withdrawn status Lost status Damaged status Not for loan Home library Current library Shelving location Date acquired Full call number Accession Number Price effective from Koha item type
        Anna Centenary Library Anna Centenary Library 3RD FLOOR, B WING 14.02.2026 307.76094 SUN 222534 14.02.2026 English Books

Find us on the map